Las clùsulas de vencimiento anticipado en los prštamos bancarios al consumo

Bibliographic Details
Main Author: Puyalto Franco, M® Još
Format: Unknown
Language:Spanish
Published: [Madrid] : Dykinson, 2006
Subjects:
Online Access:Acceso restringido

MARC

LEADER 00000ny a22000003n 4500
005 20110520123329.0
008 080623s2006 sp s 000 0 spa c
020 |a 8497729315 
035 |a 1729 
040 |a UMA.RE  |d vLex 
080 |a 330.567.22:336.77(460)(0.034) 
080 |a 336.77:330.567.22(460)(0.034) 
090 |c 98  |d 98 
100 1 |a Puyalto Franco, M® Još 
245 1 4 |a Las clùsulas de vencimiento anticipado en los prštamos bancarios al consumo  |h [Recurso electrn̤ico]  |c M® Jos ̌Puyalto Franco 
256 |a Servicio en ln̕ea 
260 |a [Madrid] :  |b Dykinson,  |c 2006 
506 1 |a Contenido solo disponible en los productos indicados  |d vLex Global  |d vLex Global (Academic Edition, excluding Law Schools)  |d vLex Global (U.S. Academic Edition, Law Schools)  |d vLex Global (U.S. Academic Edition, excluding Law Schools)  |d vLex Global (Academic Edition, Law Schools) 
650 0 7 |a Contrato de prštamo  |2 Tesauro vLex 
650 0 7 |a Civil  |2 Tesauro vLex 
650 0 7 |a Derecho de los consumidores y usuarios  |2 Tesauro vLex 
650 0 7 |a Uitbating van de vervoerdiensten. rechten en vrijheden  |2 Tesauro vLex 
650 0 7 |a Bijzondere geregeld vervoer  |2 Tesauro vLex 
740 0 |a vLex Libros (Servicios en ln̕ea) 
856 4 0 |u http://vlex.com/source/1729  |z Acceso restringido 
942 |c BOOK 
999 0 |a Loans  |z Spain   |v En ln̕ea